Vista normal Vista MARC

Entrada Topical Term

Número de registros utilizados en: 12

001 - CONTROL NUMBER

  • control field: 1810

003 - CONTROL NUMBER IDENTIFIER

  • control field: OSt

005 - DATE AND TIME OF LATEST TRANSACTION

  • control field: 20200325111020.0

008 - FIXED-LENGTH DATA ELEMENTS

  • fixed length control field: 200325|| aca||aabn | a|a d

040 ## - CATALOGING SOURCE

  • Original cataloging agency: OSt
  • Transcribing agency: OSt

150 ## - HEADING--TOPICAL TERM

  • Topical term or geographic name entry element: Análisis económico

670 ## - SOURCE DATA FOUND

  • Source citation: Work cat.: (OSt)4911: Meier, Robert C., autor 1807, Técnicas de simulación en administración y economía /, 1975